| 000 | 00511nam a22001577a 4500 | ||
|---|---|---|---|
| 008 | 230809b |||||||| |||| 00| 0 eng d | ||
| 020 | _a9786139869435 | ||
| 050 | _aQA 76.5 .K56 2018 | ||
| 100 | _a Kioko, Shadrack | ||
| 245 |
_aIntegration and Use of ICT in Management of Counties/ _cShadrack Kioko |
||
| 260 |
_aMauritius: _bLAP LAMBERT, _c2018. |
||
| 300 |
_axiv,87p. : _bill. ; _c18 cm |
||
| 500 | _aBibliographical references. | ||
| 650 | _2ICT | ||
| 942 |
_2lcc _cBOOKS _hQA 76.5 .K56 2018 |
||
| 999 |
_c31832 _d31832 |
||